Historicity of the Mahabharta : (Record no. 142765)

MARC details
000 -LEADER
fixed length control field 00651nam a22001937a 4500
005 - DATE AND TIME OF LATEST TRANSACTION
control field 20170721141235.0
010 ## - LCCN (DPL NO)
LC control number ENG-119280
020 ## - INTERNATIONAL STANDARD BOOK NUMBER
International Standard Book Number 9788173054587
Terms of availability 995.00
035 ## - SYSTEM CONTROL NUMBER
System control number EN-102812
037 ## - SOURCE OF ACQUISITION
Source of stock number/acquisition DBAD/PUB
082 ## - DEWEY DECIMAL CLASSIFICATION NUMBER
Classification number 230.5923
100 ## - MAIN ENTRY--PERSONAL NAME
Personal name Lal,B.B.
245 ## - TITLE STATEMENT
Title Historicity of the Mahabharta :
Statement of responsibility, etc byB.B. Lal
Remainder of title evidence of literature, art and archaeology /
260 ## - PUBLICATION, DISTRIBUTION, ETC. (IMPRINT)
Place of publication, distribution, etc New Delhi
Name of publisher, distributor, etc Aryan Book Interrnational
Date of publication, distribution, etc 2015
270 ## - ADDRESS
Address Pooja Apartments 4BAnsari Road
City New Delhi
Postal code 110002
300 ## - PHYSICAL DESCRIPTION
Extent xiiii,104p. :
Dimensions 25cm(Hb)
Other physical details ill
500 ## - GENERAL NOTE
General note Includes bibliographical references and Index
942 ## - ADDED ENTRY ELEMENTS (KOHA)
Source of classification or shelving scheme Dewey Decimal Classification
Item type English Books
Classification part 230.5923
Call number suffix LAL
Holdings
Withdrawn status Lost status Not for loan Collection code Home library Current library Date acquired Source of acquisition Cost, normal purchase price Full call number Barcode Copy number Cost, replacement price Koha item type
      Non-fiction Narela Narela 21/07/2017 DBAD/PUB 995.00 230.5923 LAL EN-102812 1 995.00 English Books

© Delhi Public Library
Hit Counter
free hit counter